000 00706na a2200253 4500
001 20389
003 MIRAKIL
005 20181213155130.0
008 170119b tu 000 0
035 _a20389
040 _aMilas
_btur
_cTR-AnCHP
041 _atur
082 _a330.1
_bB66t 1981
090 _a330.1 B66t 1981
100 _aBoratav, Korkut
245 _aTarımsal yapılar ve kapitalizm
_cKorkut Boratav
260 _aAnkara
_bBirikim yayınları
_c1981
300 _a199 s.
_btbl.
_c19 sm.
440 _aBirikim yayınları
_pYerli araştırmalar
_v5
504 _aKaynakça var.
650 _aEkonomik sistemler
_xKapitalizm
650 _aTarım
_xEkonomik açı
942 _2ddc
_cBKS
999 _c7185
_d7185